| 000 | 01113nam a2200349 a 4500 | ||
|---|---|---|---|
| 001 | vtls001844753 | ||
| 003 | NLI | ||
| 005 | 20210629061041.0 | ||
| 008 | 140226s2014 ii 00 eng | ||
| 020 |
_a9788132111634(pbk) _cRs.425.00 |
||
| 039 | 9 |
_a201608041046 _bsantanuc _c201605181258 _dsukantap _c201407241237 _dezajulh _y201402261714 _zumakar |
|
| 040 |
_aNLI _beng |
||
| 041 | 0 | _aeng | |
| 044 | _aii | ||
| 082 | 0 | 4 |
_a658.4012 _222 |
| 100 | 1 |
_aSengupta, Shombit _91203110 |
|
| 245 | 1 | 0 |
_aStrategic pokes : _bthe business jalebi / _cShombit Sengupta |
| 260 |
_aNew Delhi : _bSAGE, _c2014 |
||
| 300 |
_axviii, 305 p. ; _c21 cm. |
||
| 650 | 0 |
_aManagement _9699479 |
|
| 650 | 0 |
_aStrategic planning _9682475 |
|
| 887 | _aSP Santanu Chanda | ||
| 901 |
_aDB147964 : _b05.05.2014 |
||
| 902 | _aE 658.4012 Se 56 | ||
| 903 | _aUma | ||
| 904 | _aSP | ||
| 905 | _aSantanu Chanda | ||
| 949 |
_AVIRTUAITEM _D10000 _X100 _6DBA000147964ENG |
||
| 942 |
_2ddc _cBKS |
||
| 999 |
_aVIRTUA4 _c1276216 _d1276216 |
||
| 999 | _aVTLSSORT0080*0200*0400*0410*0440*0820*1000*2450*2600*3000*6500*6501*8520*9010*9020*9030*9040*9050*9992 | ||